[Event "GER CM03-B email"]
[Site "GER email"]
[Date "2016.06.26"]
[Round "?"]
[White "Galavics, Hermann"]
[Black "Bolz, Joachim"]
[Result "1/2-1/2"]
[WhiteElo "2394"]
[BlackElo "2296"]
[PlyCount "41"]
[EventDate "2016.??.??"]
[EventType "tourn (corr)"]
[EventRounds "13"]
[EventCountry "GER"]
[SourceTitle "Corr 2017"]
[Source "ChessBase"]
[SourceDate "2017.09.19"]
[SourceVersion "1"]
[SourceVersionDate "2017.09.19"]
[SourceQuality "1"]

1. d4 Nf6 2. c4 e6 3. Nf3 b6 4. g3 Ba6 5. Qc2 c5 6. d5 exd5 7. cxd5 Bb7 8. Bg2 Nxd5 9. 0-0 Be7 10. Rd1 Nc6 11. Qf5 Nf6 12. e4 g6 13. Qf4 0-0 14. e5 Nh5 15. Qg4 Qb8 16. Nc3 Nxe5 17. Nxe5 Bxg2 18. Nxd7 Qb7 19. Nxf8 Nf6 20. Qh4 Nh5 21. Qg4 1/2-1/2

[Event "GER CM03-B email"]
[Site "GER email"]
[Date "2016.06.26"]
[Round "?"]
[White "Galavics, Hermann"]
[Black "Schultheiss, Klaus"]
[Result "1/2-1/2"]
[WhiteElo "2394"]
[BlackElo "2325"]
[PlyCount "42"]
[EventDate "2016.??.??"]
[EventType "tourn (corr)"]
[EventRounds "13"]
[EventCountry "GER"]
[SourceTitle "Corr 2017"]
[Source "ChessBase"]
[SourceDate "2017.09.19"]
[SourceVersion "1"]
[SourceVersionDate "2017.09.19"]
[SourceQuality "1"]

1. d4 Nf6 2. c4 e6 3. Nf3 d5 4. g3 dxc4 5. Bg2 Nc6 6. Qa4 Bb4+ 7. Bd2 Nd5 8. Bxb4 Ndxb4 9. 0-0 Rb8 10. Na3 0-0 11. Qb5 b6 12. Qxc4 Ba6 13. Nb5 Qd5 14. Qxd5 Nxd5 15. a4 Na5 16. Ne5 Rbd8 17. Nxa7 Nb4 18. Rac1 Rxd4 19. Rxc7 Bxe2 20. Rfc1 f6 21. Nec6 Nbxc6 1/2-1/2

[Event "AUT-chT2O 1213"]
[Site "Austria"]
[Date "2012.11.17"]
[Round "3.5"]
[White "Hechl, Gerald"]
[Black "Galavics, Hermann"]
[Result "1-0"]
[WhiteElo "2220"]
[BlackElo "2062"]
[PlyCount "53"]
[EventDate "2012.10.06"]
[EventType "team-tourn"]
[EventRounds "11"]
[EventCountry "AUT"]
[SourceTitle "EXT 2014"]
[Source "ChessBase"]
[SourceDate "2013.11.20"]
[SourceVersion "1"]
[SourceVersionDate "2013.11.20"]
[SourceQuality "1"]
[WhiteTeam "Eichgraben"]
[BlackTeam "Lackenbach"]
[WhiteTeamCountry "AUT"]
[BlackTeamCountry "AUT"]

1. c4 c6 2. e4 d5 3. exd5 cxd5 4. cxd5 Nf6 5. Qa4+ Bd7 6. Qb3 Qc7 7. Nc3 g6 8. d4 Bg7 9. Bd3 0-0 10. Nge2 b6 11. Bf4 Qb7 12. 0-0 a5 13. Rac1 Na6 14. d6 e6 15. a3 Bc6 16. f3 Rfd8 17. Rfd1 Ne8 18. Ne4 Bf8 19. Rxc6 Qxc6 20. Bb5 Qb7 21. Rc1 Nxd6 22. Bc6 Qa7 23. Bxa8 Qxa8 24. Bxd6 Bxd6 25. Qxb6 Bf8 26. Rc6 Nb8 27. Qxd8 1-0

[Event "AUT-chT2O 1213"]
[Site "Austria"]
[Date "2012.10.06"]
[Round "1.5"]
[White "Galavics, Hermann"]
[Black "Salamon, Werner"]
[Result "1/2-1/2"]
[WhiteElo "2062"]
[BlackElo "2133"]
[PlyCount "63"]
[EventDate "2012.10.06"]
[EventType "team-tourn"]
[EventRounds "11"]
[EventCountry "AUT"]
[SourceTitle "EXT 2013"]
[Source "ChessBase"]
[SourceDate "2012.11.22"]
[SourceVersion "1"]
[SourceVersionDate "2012.11.22"]
[SourceQuality "1"]
[WhiteTeam "Lackenbach"]
[BlackTeam "Mattersburg"]
[WhiteTeamCountry "AUT"]
[BlackTeamCountry "AUT"]

1. d4 Nf6 2. c4 e6 3. Nf3 d5 4. Nc3 Be7 5. Bg5 0-0 6. e3 b6 7. Bd3 Bb7 8. 0-0 Nbd7 9. cxd5 Nxd5 10. Bxe7 Qxe7 11. Rc1 c5 12. Nxd5 Bxd5 13. b3 Rac8 14. Ba6 Rc7 15. Qe2 Bxf3 16. Qxf3 Nb8 17. Bd3 cxd4 18. Rxc7 Qxc7 19. Qe4 g6 20. Qxd4 Rd8 21. Qc4 Qxc4 22. Bxc4 Rd2 23. a4 Nc6 24. Rc1 Na5 25. Kf1 Rb2 26. Rc3 Kf8 27. h4 h5 28. g3 Ke7 29. Bb5 Kd8 30. Rd3+ Kc8 31. Be8 Nxb3 32. Bxf7 1/2-1/2

[Event "AUT-chT2O 1112"]
[Site "Austria"]
[Date "2012.04.28"]
[Round "10.5"]
[White "Todor, Razvan"]
[Black "Galavics, Hermann"]
[Result "1/2-1/2"]
[WhiteElo "2199"]
[BlackElo "2069"]
[PlyCount "81"]
[EventDate "2011.10.15"]
[EventType "team-tourn"]
[EventRounds "11"]
[EventCountry "AUT"]
[SourceTitle "EXT 2013"]
[Source "ChessBase"]
[SourceDate "2012.11.22"]
[SourceVersion "1"]
[SourceVersionDate "2012.11.22"]
[SourceQuality "1"]
[WhiteTeam "Waehring"]
[BlackTeam "Lackenbach"]
[WhiteTeamCountry "AUT"]
[BlackTeamCountry "AUT"]

1. c4 c6 2. e4 d5 3. exd5 cxd5 4. cxd5 Nf6 5. Qa4+ Bd7 6. Qb3 Qc7 7. Nc3 g6 8. Nf3 Bg7 9. Be2 0-0 10. d4 Rd8 11. Ne5 Be8 12. Bf4 Qb6 13. Qxb6 axb6 14. Bf3 Na6 15. Nd3 b5 16. a3 Ra7 17. 0-0-0 b6 18. Rhe1 Kf8 19. Kc2 Nh5 20. Be3 Nf6 21. Kb3 Rc8 22. Ne5 Nb8 23. g4 h6 24. h4 Ng8 25. g5 hxg5 26. hxg5 f6 27. Nd3 Na6 28. Nf4 Nc7 29. Ne6+ Kf7 30. Bf4 Nxe6 31. dxe6+ Kf8 32. Be2 fxg5 33. Bxg5 Rd8 34. Nxb5 Bxb5 35. Bxb5 Rd5 36. Bc6 Rxg5 37. Re4 Nf6 38. Rf4 Rf5 39. Rxf5 gxf5 40. Kb4 Ra5 41. Kc4 1/2-1/2

[Event "AUT-chT2O 1112"]
[Site "Austria"]
[Date "2012.03.18"]
[Round "9.6"]
[White "Galavics, Hermann"]
[Black "Plank, Franz"]
[Result "1/2-1/2"]
[WhiteElo "2069"]
[BlackElo "2273"]
[PlyCount "89"]
[EventDate "2011.10.15"]
[EventType "team-tourn"]
[EventRounds "11"]
[EventCountry "AUT"]
[SourceTitle "EXT 2013"]
[Source "ChessBase"]
[SourceDate "2012.11.22"]
[SourceVersion "1"]
[SourceVersionDate "2012.11.22"]
[SourceQuality "1"]
[WhiteTeam "Lackenbach"]
[BlackTeam "Wien Ottakring"]
[WhiteTeamCountry "AUT"]
[BlackTeamCountry "AUT"]

1. d4 d5 2. c4 e6 3. Nc3 c6 4. cxd5 exd5 5. Nf3 Bf5 6. Qb3 Qb6 7. Qxb6 axb6 8. Nh4 Be6 9. Bd2 Be7 10. Nf3 Nf6 11. g3 b5 12. Ne5 b4 13. Nd1 Ne4 14. Bg2 Nxd2 15. Kxd2 Nd7 16. Nd3 Ra5 17. Ne3 0-0 18. Nc2 Rb5 19. f3 b3 20. axb3 Rxb3 21. Ra2 Bd6 22. Rc1 Re8 23. Ne3 f6 24. Rc3 Rb5 25. Nc2 Bf5 26. e3 Nb6 27. b3 Ra8 28. Rxa8+ Nxa8 29. Kc1 Nc7 30. e4 dxe4 31. fxe4 Be6 32. d5 cxd5 33. Nd4 Rb6 34. Nxe6 Nxe6 35. exd5 Nd4 36. Rc8+ Kf7 37. b4 Ke7 38. Rc4 Nf5 39. Kb2 Kd8 40. Bh3 Ne7 41. Be6 Rb5 42. Kb3 Rb6 43. Nc5 Bxc5 44. Rxc5 Rd6 45. Ra5 1/2-1/2